000 00651nam a22002057a 4500
942 _cBK
999 _c638
_d638
005 20250420134819.0
008 200816b ||||| |||| 00| 0 eng d
020 _a9783540938125
040 _cKCST
082 _a302.30113
_bSi
245 _aSimulating Social Complexity:
_bA Handbook /
_cBruce Edmonds; Ruth Meyer [editors]
260 _aBerlin, Heidelberg:
_bSpringer,
_c2013.
300 _avii, 754 p. :
_billustrations ;
_c24 cm
650 _aSocial interaction
_vComputer simulation.
_95150
650 _aSocial structure
_93322
700 _aEdmonds, Bruce
_eeditior
_95151
700 _aMeyer, Ruth
_eeditor
_95152
942 _2ddc